|
|
|
|
| LEADER |
00000cab a2200000 a 4500 |
| 001 |
041463 |
| 003 |
UAHC_CL |
| 005 |
20170803124557.0 |
| 008 |
030925b xx j 000 1 spa |
| 040 |
|
|
|a UAHC_CL
|c UAHC_CL
|d UAHC_CL
|
| 100 |
1 |
|
|a Pino Díaz, Fermín del
|
| 245 |
1 |
2 |
|a A propósito del clasismo de Anchieta :
|b la obra lingüística y etnográfica de los jesuitas en relación con el renacimiento /
|c Fermín del Pino Díaz.
|
| 300 |
|
|
|a [16] p.
|
| 500 |
|
|
|a En: Revista Andina. -- No. 36 (Primer semestre 2003), pp. 65-81
|
| 759 |
|
|
|a PP116
|
| 773 |
0 |
|
|t Revista andina.
|w 041480
|
| 900 |
|
|
|a REVISTA ANDINA-36/03
|
| 942 |
|
|
|c REVA
|
| 952 |
|
|
|0 0
|1 0
|4 0
|6 REVISTA_ANDINA36_03_000000000000000
|7 0
|8 General
|9 77810
|a BC
|b BC
|c General
|d 2017-08-03
|l 0
|o REVISTA ANDINA-36/03
|p FICTICIO7031
|r 2019-01-08 00:00:00
|t 1
|w 2017-08-03
|y REVA
|
| 999 |
|
|
|c 41463
|d 41463
|